000 00480cam a2200193ua 4500
001 1800
008 110811n ii |||gr||||Z||||||eng
020 _a81-7457-155-8
040 _cMAIN
082 _a370.15
100 _aMathur, S. S.,
_eAuthor.
245 1 _aEducational Psychology
_cby S. S. Mathur
250 _a1st.
260 _aAgra:
_bVinod Pustak mandir.
300 _a13p; 721p:
_bill;
_c23cm.
653 _aEducation
653 _aEducational Psychology
942 _cBK
999 _c1684
_d1684